[Event "VIII Iberoamericano Mexico 2022"]
[Site "Mexico City"]
[Date "2022.02.14"]
[Round "3.7"]
[White "Galaviz Medina, Sion Radamantys"]
[Black "Cuenca Jimenez, Jose Fernando"]
[Result "1/2-1/2"]
[WhiteElo "2374"]
[BlackElo "2552"]
[Annotator "TA"]
[PlyCount "66"]
[EventDate "2022.02.12"]
[EventType "swiss"]
[EventCountry "MEX"]
[SourceTitle "playchess.com"]
[Source "ChessBase"]
[SourceQuality "1"]

{[%evp 10,66,22,14,53,14,42,31,56,43,52,43,76,77,68,72,53,41,91,81,78,82,74,53,100,107,107,106,112,51,120,127,116,108,137,142,140,135,135,137,128,143,194,143,149,135,192,170,186,141,191,98,104,104,98,106,119,123,143]} 1. d4 Nf6 2. c4 e6 3. Nc3 Bb4 4. Qc2 d6 5. Bg5 Nbd7 6. e3 b6 {E32: Nimzo-Indian: Classical (4 Qc2): 4...0-0.} 7. Bd3 Bb7 8. f3 $1 c5 {White is slightly better.} 9. Nge2 h6 10. Bh4 O-O 11. O-O cxd4 12. exd4 Rc8 {[#]} 13. Qa4 $146 ({Predecessor:} 13. Ne4 d5 14. Nxf6+ Nxf6 15. b3 Be7 16. Rfd1 Qd7 17. Rac1 Rfd8 18. Bf2 Ba3 19. Rb1 {0-1 (52) Galopoulos,N (2429)-Sargissian,G (2676) Tallinn 2019}) 13... Bxc3 (13... a5 $14) 14. Nxc3 $16 (14. bxc3 Qc7 $11) 14... a6 15. Qa3 Qc7 16. Rad1 Rfe8 (16... d5 $14 {might be stronger.}) 17. Bg3 e5 18. Bf5 Rcd8 {[#]} 19. Bh4 (19. Qb4 $1 $16) 19... Rb8 (19... Qxc4 $14 20. Qxd6 Nf8 21. Qxb6 exd4) 20. b3 b5 {[%cal Ob5b4]} 21. dxe5 Nxe5 {[%cal Ob5b4]} 22. Bxf6 ({Weaker is} 22. Rxd6 bxc4 23. Bc2 (23. Bxf6 cxb3 24. Bxe5 Rxe5 $11) 23... Rbd8 $11) 22... gxf6 23. Qxd6 ({But not} 23. Rxd6 $6 bxc4 24. Rxf6 cxb3 $14) 23... Qxd6 24. Rxd6 bxc4 25. f4 Nc6 (25... Nd3 $16 26. bxc4 Nb2) 26. bxc4 ({White should play} 26. Bd7 $18) 26... Na5 27. Bd3 {White is more active.} ({Reject} 27. Rxf6 $6 Nxc4 28. Rxh6 Ne3 $11) 27... Red8 (27... Kg7 $16 {might work better.} 28. Rb1 Rbd8 29. Rxd8 Rxd8) 28. Rxd8+ Rxd8 29. Nd5 (29. Rd1 $18 {[%cal Od3h7] Bh7+! is the strong threat.} Kf8 30. Kf2) 29... Kg7 {To avoid Bh7} (29... Bxd5 $16 {was worth a try.} 30. cxd5 Rxd5 31. Bxa6 Rd2) 30. Rb1 ({White should try} 30. Rd1 $18) 30... Bxd5 {White is better.} 31. cxd5 Rxd5 32. Bxa6 Rd2 {[#]} 33. Ra1 $1 Rd4 {Weighted Error Value: White=0.13 (very precise) /Black=0.21 (precise)} 1/2-1/2

[Event "VIII Iberoamericano Mexico 2022"]
[Site "Mexico City"]
[Date "2022.02.14"]
[Round "3.8"]
[White "Vazquez, Guillermo"]
[Black "Garcia Guerrero, Isaac Antonio"]
[Result "1-0"]
[WhiteElo "2545"]
[BlackElo "2338"]
[Annotator "TA"]
[PlyCount "77"]
[EventDate "2022.02.12"]
[EventType "swiss"]
[EventCountry "MEX"]
[SourceTitle "playchess.com"]
[Source "ChessBase"]
[SourceQuality "1"]

{[%evp 31,77,31,41,19,30,27,35,25,73,65,82,75,101,112,103,108,100,103,94,80,106,93,219,218,217,216,258,245,548,548,528,520,567,552,693,691,684,684,676,662,648,640,945,969,941,909,852,835]} 1. e4 c5 2. Nf3 g6 3. d4 cxd4 4. Nxd4 Nc6 5. c4 Nf6 6. Nc3 d6 7. f3 Nxd4 8. Qxd4 Bg7 9. Be3 O-O 10. Qd2 Be6 11. Rc1 Qa5 12. Be2 Rfc8 13. b3 a6 14. Na4 Qxd2+ 15. Kxd2 Nd7 16. g4 f5 17. exf5 {B36: Sicilian: Maroczy Bind: Gurgenidze System.} gxf5 18. h3 Rf8 {[%cal Ob7b5]} 19. f4 {[#] White is slightly better.} Nc5 $146 (19... d5 $11) ({Predecessor:} 19... Rad8 20. Rhd1 {½-½ (20) Dominguez Perez,L (2758)-Guseinov,G (2666) Moscow 2019}) 20. Nb6 Ne4+ 21. Kc2 Ng3 {[%csl LRe2,LRh1]} 22. Nxa8 Rxa8 23. Bf3 {[#] And now Rhe1 would win.} Nxh1 24. Rxh1 Rb8 25. Re1 Kf7 26. Ba7 Rc8 (26... fxg4 $16 27. hxg4 (27. Bxg4 Bxg4 28. hxg4 Rc8 $14) 27... Rh8) 27. g5 $18 (27. Bxb7 $2 Rc7 28. Rxe6 Rxb7 29. gxf5 Rxa7 $19) 27... Bxc4 28. bxc4 Rxc4+ 29. Kd2 {[#] Threatens to win with Bd5+.} Bc3+ $2 (29... e6 {is more resistant.} 30. Rc1 (30. Bxb7 Rxf4 31. Bc8 Be5 $16) 30... Rxc1 31. Kxc1 d5) 30. Kd3 {aiming for Bd5+. White is clearly winning.} Bxe1 31. Kxc4 b5+ 32. Kd5 Bd2 33. Bh5+ Kf8 34. Ke6 Bxf4 35. Kxf5 Bd2 36. Bb6 h6 37. g6 {Bd4 is the strong threat.} Bc3 {To avoid Bd4} 38. Bf3 Kg7 39. h4 {White took control after the opening.  Weighted Error Value: White=0.05 (flawless) /Black=0.45} 1-0

[Event "VIII Iberoamericano Mexico 2022"]
[Site "Mexico City"]
[Date "2022.02.14"]
[Round "3.9"]
[White "Santos, Jose Guilherme B Lim"]
[Black "Gonzalez Zamora, Juan Carlos"]
[Result "1-0"]
[WhiteElo "2363"]
[BlackElo "2544"]
[Annotator "TA"]
[PlyCount "139"]
[EventDate "2022.02.12"]
[EventType "swiss"]
[EventCountry "MEX"]
[SourceTitle "playchess.com"]
[Source "ChessBase"]
[SourceQuality "1"]

{[%evp 22,139,53,33,72,26,25,23,46,32,50,8,12,13,18,12,9,7,15,10,47,28,47,47,47,47,47,47,47,47,66,18,25,8,173,150,150,152,164,161,167,153,140,143,382,378,380,375,475,509,808,553,555,543,527,529,531,533,527,491,533,559,559,552,520,491,662,651,1428,1368,1241,1264,1143,922,871,798,12830,12833,12833,12833,12833,12834,12834,12835,12835,12835,12835,12835,12836,12834,12834,12834,12834,12835,12835,12835,12838,12839,12840,12840,12841,12841,12841,12842,27999,27999,27999,27999,27999,27999,27999,27999,27999,27999,27999,27999,27999,27999,27999,27999]} 1. d4 {ChessBase II} Nf6 2. c4 e6 3. Nf3 Bb4+ 4. Nbd2 b6 5. a3 Bxd2+ 6. Qxd2 Bb7 7. e3 O-O 8. Be2 d6 9. O-O Nbd7 10. b4 Ne4 11. Qc2 f5 12. Bb2 Ng5 {E14: Queen's Indian: Classical Variation (4 e3).} 13. Nxg5 (13. Nd2 $16) 13... Qxg5 $11 {[%csl Gb7][%cal Rg5g2]} 14. d5 Nf6 {White has an edge.} 15. f4 Qg6 {[#]} 16. Bf3 $146 (16. Rf3 $14) ({Predecessor:} 16. Rf3 Qe8 17. Rg3 Rf7 18. Bd3 exd5 19. Bxf5 Ne4 20. Bxe4 Qxe4 21. Qc3 d4 22. Qxd4 Qxd4 23. Bxd4 {½-½ (33) Cossin,S (2516)-Wirig,A (2496) Montpellier 2015 CBM 166 Extra [ChessBase II]}) 16... Rae8 17. Qd3 Re7 18. a4 exd5 19. cxd5 Rfe8 20. Rfe1 a6 21. Rac1 Qf7 {[%cal Rf6d5]} 22. Bxf6 Qxf6 23. Qc3 Qf7 24. Qd4 h6 25. g3 g5 26. Kf2 {White is more active.} (26. Rc3 $14 {is more appropriate.}) 26... g4 27. Bg2 Re4 $2 28. Bxe4 $18 Rxe4 29. Qd2 Bxd5 {[#]} 30. Rxc7 {[%mdl 512]} Qxc7 31. Qxd5+ $16 {[%mdl 4096] Endgame KQR-KQR} Qf7 32. Qxd6 Rc4 $2 {This costs Black the game.} (32... Kh7 $16 33. Qxb6 Qa2+ 34. Re2 Qd5) 33. Rd1 $18 Kh7 34. Qxb6 Rc7 35. Qxa6 Rd7 {To avoid Qd3} (35... Qa2+ $142 36. Kg1 Rf7) 36. Qe2 Rxd1 37. Qxd1 {KQ-KQ} Qa2+ 38. Kg1 Qa3 39. Qd7+ Kg6 40. Qd6+ Kg7 41. Qd4+ Kg6 42. e4 Qc1+ 43. Kf2 {Strongly threatening exf5+.} Qc2+ 44. Ke3 {Threatens to win with exf5+.} Qxh2 45. exf5+ Kh5 {[#]} 46. f6 $1 Qxg3+ 47. Kd2 Qg2+ 48. Kc3 {Black must now prevent f7.} Qc6+ 49. Qc5+ Qxc5+ 50. bxc5 {f7 would kill now. KP-KP} g3 51. f7 g2 52. f8=Q {White threatens Qg8 and mate.} g1=Q {Inhibits Qg8. KQ-KQ} 53. Qf5+ Kh4 54. Qf6+ Kh5 55. Qe5+ Kh4 56. Kb4 Qb1+ 57. Ka5 Qb7 58. Qf6+ Kg3 59. Qxh6 Qa7+ 60. Kb5 Qb8+ 61. Qb6 Qe8+ 62. c6 Kxf4 63. Qd4+ {White mates.} Kf3 64. Qd6 Qe2+ 65. Ka5 Qe1+ 66. Kb6 Qe3+ 67. Qc5 Qb3+ 68. Ka5 Qb8 69. c7 Qc8 70. Qc6+ {Weighted Error Value: White=0.14 (very precise) /Black=0.35} 1-0

[Event "VIII Iberoamericano Mexico 2022"]
[Site "Mexico City"]
[Date "2022.02.14"]
[Round "3.10"]
[White "Obregon Rivero, Juan Carlos"]
[Black "Noboa Silva, Kevin"]
[Result "1-0"]
[WhiteElo "2536"]
[BlackElo "2331"]
[Annotator "TA"]
[PlyCount "185"]
[EventDate "2022.02.12"]
[EventType "swiss"]
[EventCountry "MEX"]
[SourceTitle "playchess.com"]
[Source "ChessBase"]
[SourceQuality "1"]

{[%evp 10,185,14,17,33,32,56,18,16,0,0,0,14,7,1,0,16,0,4,0,0,0,0,0,0,0,0,0,0,0,0,0,0,0,0,0,0,0,0,0,0,0,0,0,0,0,0,0,0,0,0,0,0,0,0,0,0,0,0,0,0,0,0,0,0,0,0,0,0,0,0,0,0,0,0,0,0,0,0,0,0,0,0,0,0,0,0,0,0,0,0,0,0,0,0,0,0,0,0,0,0,0,0,0,0,0,0,0,0,0,0,0,0,0,0,0,0,0,0,0,0,0,0,0,0,0,0,0,0,0,0,0,0,0,0,0,0,0,29960,29961,29962,29963,29962,29964,29969,29966,29966,29967,29967,29966,29968,29969,29968,29969,29975,29977,29978,29979,29979,29980,29980,29980,29980,29974,29975,29976,29981,29981,29980,29973,29973,29974,29974,29971,29983,29984,29984,29985]} 1. d4 Nf6 2. c4 e6 3. Nf3 Bb4+ 4. Nbd2 O-O 5. a3 Be7 6. e4 d6 {[%cal Oe6e5] E11: Bogo-Indian.} 7. Be2 a5 {[%cal Oe6e5]} 8. b3 {8.0-0 gains popularity.} e5 {The position is equal.} 9. Bb2 exd4 10. Nxd4 Nc6 11. O-O Nxd4 12. Bxd4 Nd7 {[%cal Bf6d7,Bd7e5,Be5f3][%mdl 32] [#]} 13. Bg4 $146 ({Predecessor:} 13. Rb1 Bf6 14. Be3 Re8 15. b4 axb4 16. axb4 Ne5 17. Kh1 Nc6 18. f3 Ra3 19. Bg1 {0-1 (32) Bukavshin,I (2613)-Jobava,B (2708) Sochi 2014}) 13... Bf6 14. Nf3 Re8 15. Re1 Ne5 16. Bxc8 Nxf3+ 17. Qxf3 Bxd4 18. Bxb7 Bxa1 19. Bxa8 Qxa8 20. Rxa1 Qxe4 21. Qxe4 Rxe4 $11 {[%mdl 4096] Endgame KR-KR} 22. Kf1 Kf8 {[%cal Oa5a4]} 23. Rc1 c5 24. Rc3 Ke7 25. f3 Rh4 26. h3 Kd7 27. Ke2 Kc6 28. Kd2 f5 29. Rd3 Rh6 30. Ke3 Rg6 31. Rd2 Re6+ 32. Kf4 Re5 33. a4 Kd7 34. Rd3 Re2 35. g3 Ke6 36. Kg5 Re1 37. f4 Re4 38. Rf3 Re2 39. g4 fxg4 40. hxg4 {[#] Threatens to win with Rh3.} Kf7 41. Rd3 h6+ 42. Kh4 Rh2+ 43. Kg3 Rb2 44. Kf3 Ke7 45. Re3+ Kf6 46. Rd3 Ke7 47. f5 Rb1 48. Re3+ Kd7 49. Kg3 Rg1+ 50. Kh4 {Strongly threatening Kh5.} Rh1+ $1 51. Kg3 Rg1+ 52. Kf3 Rb1 53. Kg2 Rb2+ 54. Kh3 Rb1 55. Rc3 Re1 56. Kh4 Ke7 57. Rd3 Rh1+ 58. Kg3 Re1 59. Kf2 Re5 60. Kf3 h5 61. Kf4 hxg4 62. Kg5 Re4 63. Kg6 Rf4 64. Rg3 Rf3 65. Rxg4 Kf8 (65... Rxb3 $2 66. Kxg7 Rf3 67. Re4+ Kd7 68. f6 $18) 66. Rg1 Rxb3 67. f6 $1 gxf6 68. Kxf6 Rb4 69. Rh1 {[%cal Rh1h8]} Kg8 {To avoid Rh8+} 70. Rg1+ Kf8 71. Rh1 {[%cal Rh1h8]} Kg8 {Inhibits Rh8+.} 72. Rc1 Rxa4 73. Ke7 Ra2 $2 {[%mdl 8192] [#] Black is now going downhill.} (73... Rb4 $11) 74. Rg1+ {White mates.} ({Stronger than} 74. Kxd6 Kf8 $11) 74... Kh7 75. Kxd6 Rd2+ 76. Kxc5 Rd8 77. Kb6 a4 78. Ra1 Rb8+ 79. Kc7 Rb4 80. c5 {[%cal Bc4c5,Bc5c6][%mdl 32]} Kg6 81. c6 Kf5 82. Kd6 Rc4 83. Kd5 Rc2 84. Rxa4 Kf6 85. Re4 Kf5 86. Re8 Kf6 87. Kd6 Kf7 88. Rh8 Rd2+ 89. Kc5 Rc2+ 90. Kb6 Ke7 91. c7 Rb2+ 92. Ka5 Ra2+ 93. Kb4 {Weighted Error Value: White=0.02 (flawless) /Black=0.01 (flawless)} 1-0

[Event "VIII Iberoamericano Mexico 2022"]
[Site "Mexico City"]
[Date "2022.02.14"]
[Round "3.11"]
[White "Perez Garcia, Rodney Oscar"]
[Black "Almeida Quintana, Omar"]
[Result "1/2-1/2"]
[WhiteElo "2331"]
[BlackElo "2535"]
[Annotator "TA"]
[PlyCount "155"]
[EventDate "2022.02.12"]
[EventType "swiss"]
[EventCountry "MEX"]
[SourceTitle "playchess.com"]
[Source "ChessBase"]
[SourceQuality "1"]

{[%evp 13,155,32,36,23,35,5,12,12,24,0,0,0,10,0,8,0,0,0,0,0,0,0,0,0,0,0,17,0,0,0,-3,-10,-9,-5,0,-13,-11,-12,0,-8,0,-3,0,-8,0,-7,-16,-83,-72,-149,-158,-167,-167,-156,-135,-124,-135,-116,-116,-115,-117,-117,-117,-117,-117,-117,-109,-113,-56,-117,-117,-158,-158,-200,-200,-405,-130,-404,-404,-398,-406,-402,-396,-369,-371,-383,-367,-404,-388,-308,-271,-220,-180,-165,-119,-118,-125,-129,0,0,0,0,0,0,8,8,8,8,8,8,8,8,8,8,443,162,150,46,71,8,6811,8,8,8,8,8,8,8,8,8,8,0,8,0,0,0,8,8,8,8,8,8,8,8]} 1. e4 g6 2. d4 Bg7 3. Nf3 d6 4. Nc3 a6 5. Be2 Nf6 6. O-O O-O 7. Re1 Nc6 {7...Nc6 is better than 7...b5.} 8. h3 {B08: Pirc Defence: Classical System.} e5 9. dxe5 (9. d5 $5 {[%cal Rd5c6]} Ne7 10. a4 $11 (10. Bg5 h6 $11)) 9... dxe5 10. Be3 {[#]} b5 $146 ({Predecessor:} 10... Qe7 11. Nd5 Qd6 12. Nxf6+ Qxf6 13. c3 h6 14. b4 Nd8 15. Qd2 Kh7 16. Rad1 Ne6 {½-½ (50) Zvjaginsev,V (2660)-Fedoseev,V (2659) Berlin 2015}) 11. a3 (11. Bg5 {is interesting.} Be6 12. Qc1 Qb8 13. Qe3 Nd7 14. Bh6) 11... Bb7 12. Qxd8 Rfxd8 13. Rad1 {Inhibits Nd4.} b4 14. Nd5 Nxd5 15. exd5 Ne7 16. axb4 Nxd5 17. Bg5 f6 18. Bd2 Bf8 19. c3 Kg7 20. Bc1 Rd6 21. Bf1 Rad8 22. h4 h5 23. Nh2 Bc6 24. g3 Ba4 25. Rd2 Kh7 26. Bg2 Bb3 27. Bf1 Bh6 28. Rde2 Nb6 29. Bxh6 Kxh6 30. Ra1 (30. f4 $11 {remains equal.}) 30... Rd1 $36 {[%mdl 2048] Black has strong initiative.} 31. Rxd1 (31. Re1 $142) 31... Rxd1 (31... Bxd1 32. Re4 $11 (32. Re1 Na4 $15)) 32. Nf3 Bd5 33. Ne1 Na4 {[%cal Oa4b2]} 34. Nc2 {Strongly threatening Ne3.} Bc4 (34... Nxb2 $2 35. Ne3 Be6 36. Rxb2 $18) 35. Re1 Rxe1 36. Nxe1 Nxb2 37. Bxc4 Nxc4 {[%mdl 4096] Endgame KN-KN} 38. Nd3 a5 39. bxa5 Nxa5 40. Nc5 Kh7 (40... Nc4 $17 41. Kg2 Nd2) 41. Kg2 (41. f4 $1 $15) 41... Kg8 42. Kf3 ({White should play} 42. f3) 42... Kf7 43. Ke4 (43. Na6 $17) 43... Ke7 $1 $19 44. Kd5 $2 (44. Kd3) 44... c6+ 45. Ke4 Kd6 $1 46. Nd3 Nc4 {Prevents Nb2. aiming for ...f5+.} 47. Nb4 Nb6 48. Kd3 Nd5 49. Nc2 Kc5 50. f3 f5 51. Ne1 Nb6 52. Nc2 Nc4 53. Nb4 {[%cal Ob4c6]} Nd6 (53... Na5 $19 54. Ke2 Nc4 55. Nd3+ Kd6) 54. Na6+ $17 Kb6 $1 55. Nb8 {Hoping for Nd7+.} f4 ({Black should try} 55... Nf7 $17 56. Nd7+ Kc7) 56. gxf4 $11 exf4 {And now ...Nf5 would win.} 57. Nd7+ Kb5 58. Ne5 Kc5 59. Nxg6 Kd5 (59... Nf5 $2 60. Ke4 (60. Nxf4 Nxh4 61. Ke4 Kc4 $11) 60... Ng7 61. Nxf4 $18) 60. Nxf4+ Ke5 61. Nxh5 Nf5 62. f4+ Ke6 63. Ke4 Nxh4 $2 {[%mdl 8192]} (63... c5 $11) 64. Ng3 $18 Kf6 65. Kd4 (65. c4 $1 $16) 65... Ng6 $1 $14 66. f5 (66. Ne2 $16 {Kc5 is the strong threat.} Ke6 67. Ke4) 66... Ne7 $2 {[%mdl 8192] [#]} (66... Nh4 $11) 67. Kc5 $2 (67. c4 $1 $18 Ng8 68. Kc5) 67... Nd5 $1 $11 {The position is equal.} 68. c4 Ne3 $1 69. Kd4 Ng4 (69... Nxf5+ {gets mated.} 70. Nxf5 Ke6 {[#]} 71. Kc5 $1 Kd7 72. Nd4 Kc7 73. Nxc6 Kb7 74. Kd5) 70. Ke4 {Black must now prevent Kf4.} Kg5 71. Ne2 Kf6 72. Nd4 Nf2+ 73. Kf4 (73. Kf3 $5 {[%cal Rf3f2]} Nd3 74. Ke3 $11 (74. Nxc6 Nb2 $11)) 73... Nd3+ 74. Ke4 Nc5+ 75. Ke3 Ke5 76. Nxc6+ Kxf5 77. Kd4 Nd7 78. Nb4 {Never resign too early!  Weighted Error Value: White=0.14 (very precise) /Black=0.09 (flawless)} 1/2-1/2

[Event "VIII Iberoamericano Mexico 2022"]
[Site "Mexico City"]
[Date "2022.02.14"]
[Round "3.12"]
[White "Perez Rodriguez, Luis Manuel"]
[Black "Quesada Perez, Luis Ernesto"]
[Result "0-1"]
[WhiteElo "2324"]
[BlackElo "2517"]
[Annotator "TA"]
[PlyCount "66"]
[EventDate "2022.02.12"]
[EventType "swiss"]
[EventCountry "MEX"]
[SourceTitle "playchess.com"]
[Source "ChessBase"]
[SourceQuality "1"]

{[%evp 18,66,12,-7,-7,-10,-11,-30,-29,-32,-11,-18,-15,-41,-42,-53,-38,-45,-36,-57,-37,-74,-67,-131,-39,-96,0,-6,10,-38,-40,-44,-36,-133,-125,-158,-160,-193,-205,-352,-110,-122,-122,-162,-160,-340,-341,-1563,-1465,-29990,-29991]} 1. e4 c6 2. d4 d5 3. exd5 cxd5 4. c4 Nf6 5. Nc3 g6 6. cxd5 Bg7 7. Bc4 O-O 8. Nf3 {[%cal Bg1f3,Bf3e5,Be5c6][%mdl 32]} Nbd7 9. O-O Nb6 10. Qb3 Nxc4 {B14: Caro-Kann: Panov-Botvinnik Attack with 5...e6 and 5...g6.} 11. Qxc4 b6 12. Ne5 Bb7 {[%cal Rf6d5][%mdl 1024] Black has compensation. Black has an edge.} 13. Nc6 Qd7 14. Re1 Rfe8 {[%cal Of6d5] [#]} 15. Bf4 $146 ({Predecessor:} 15. Ne5 Bxd5 16. Nxd5 Qxd5 17. Be3 Qxc4 18. Nxc4 Nd5 19. a3 Rac8 20. Rac1 Rc7 21. Ne5 {½-½ (67) Vavpetic,V (2161)-Krumpak,H (2117) Ljubljana 2011}) 15... Rac8 16. Rad1 {[#]} Nxd5 $1 17. Qxd5 Qxc6 18. Qg5 Qd7 19. Qg3 Rc4 ({Of course not} 19... Bxd4 $6 20. Be5 Rc4 21. Ne2 Bxe5 22. Rxd7 $11) 20. d5 (20. Be3 $15) 20... b5 (20... Bxc3 $17 21. bxc3 Bxd5) 21. a3 (21. Be5 $15) 21... a5 (21... Bxc3 $17 22. bxc3 Bxd5) 22. Be5 $11 f6 {[#]} 23. Bf4 (23. b3 $1 $11 {is superior.} Rcc8 24. Bd4) 23... b4 $15 24. axb4 axb4 25. Ne4 (25. Na4 $1 $15 Qf5 26. Be3) 25... Bxd5 26. Qd3 {[%cal Od3c4] Threatens to win with Qxc4!} Rd8 {And now ...f5 would win.} 27. b3 Rcc8 28. Nd6 (28. Qa6 $142) 28... Rc5 $2 (28... Bb7 $19 {and Black stays clearly on top.} 29. Nxc8 Qxd3 30. Rxd3 Rxd3) 29. Nc4 $17 Bf8 {A strong pair of Bishops.} 30. h3 Qb7 $40 {[%mdl 128] Black attacks with force.} 31. Be3 $2 (31. Rc1 $17) 31... Bxg2 $19 ({And not} 31... Rcc8 32. Qf1 $17) 32. Qxd8 {[#]} (32. Bxc5 Rxd3 33. Rxd3) 32... Bxh3 $1 {[%csl Gh3][%cal Rb7g2]} 33. f3 {[#]} (33. Qxf8+ Kxf8) 33... Qxf3 $1 {Weighted Error Value: White=0.93/Black=0.22 (precise)} 0-1

[Event "VIII Iberoamericano Mexico 2022"]
[Site "Mexico City"]
[Date "2022.02.14"]
[Round "3.13"]
[White "Rosales Campos, Paul Ivan"]
[Black "Diaz Perez, Michel Alejandro"]
[Result "1/2-1/2"]
[WhiteElo "2039"]
[BlackElo "2459"]
[Annotator "TA"]
[PlyCount "83"]
[EventDate "2022.02.12"]
[EventType "swiss"]
[EventCountry "MEX"]
[SourceTitle "playchess.com"]
[Source "ChessBase"]
[SourceQuality "1"]

{[%evp 9,83,0,0,0,16,0,0,0,0,0,0,0,0,0,119,72,67,75,79,-141,87,79,75,0,0,0,0,0,0,0,0,0,0,0,0,-10,-5,-11,-6,-25,-25,-37,-8,-43,0,0,122,122,121,123,122,105,112,86,118,94,167,106,203,193,233,210,239,239,238,238,238,238,238,238,238,238,235,231,1247,296]} 1. e4 e5 2. Nf3 Nc6 3. Nc3 Nf6 4. Bb5 Bd6 5. a3 O-O 6. d3 {C48: Four Knights: 4 Bb5, replies other than 4...Bb4.} Re8 7. g4 Nxg4 8. Rg1 {The position is equal.} Nf6 {[#]} 9. Bg5 $146 ({Predecessor:} 9. Bh6 g6 10. Bc4 Nd4 11. Ng5 Re7 12. Ne2 Ne6 13. Ng3 Kh8 14. Qf3 Ng8 15. Nxe6 fxe6 {0-1 (41) Du Plessis,H (2075)-Anwesh,U (2374) Athens 2012}) 9... Be7 {And now ...Nd4 would win.} 10. Bxc6 dxc6 11. Nxe5 Nd5 12. Qf3 (12. Qh5 $142 g6 13. Nxf7 $1 {[%mdl 512]} (13. exd5 Bxg5 14. Qxg5 f6 $17) 13... gxh5 14. Nxd8 Bxg5 15. Rxg5+ Kf8 16. Nxd5 cxd5 17. Rxd5) 12... f5 13. Qh5 (13. Nxd5 $2 Bxg5 14. Nxc7 Qxc7 $19) 13... Bxg5 14. Qf7+ Kh8 {[#]} 15. Rxg5 $1 {[%csl Gg5][%cal Rf7g7]} Qe7 {[#]} 16. Nxd5 $1 {White is much more active.} cxd5 $11 17. Qxe7 {Chess con chili.} Rxe7 18. f4 dxe4 19. dxe4 fxe4 20. Rd1 {Threatening mate with Rd8+.} Be6 21. Rd4 Rae8 22. Rxe4 g6 23. Rg3 Bf5 24. Rc4 Kg7 ({Resist} 24... b5 25. Rc5 $14) 25. Kd2 Kf6 26. Kc3 c6 (26... Rd8 $15) 27. Rd4 Rxe5 (27... c5 $11 {keeps the balance.} 28. Rd6+ Re6) 28. fxe5+ $16 Rxe5 $11 {[%mdl 4096] Endgame KRR-KRB} 29. Rg2 g5 30. Rf2 Rc5+ 31. Kb3 Ke5 32. c3 g4 (32... Rd5 $16 33. Re2+ Kd6 34. Rxd5+ cxd5) 33. Rdf4 (33. Rd8 $18) 33... Be6+ {[#]} (33... Ke6 $16) 34. Kc2 $1 $18 h5 35. Kd3 Rd5+ 36. Ke3 {Strongly threatening Re4+.} Rd1 37. Re4+ Kd6 38. Rf6 Re1+ 39. Kf4 Rxe4+ 40. Kxe4 {Rh6 is the strong threat.} h4 41. Kf4 {[%cal Of6e6] aiming for Rxe6+!} h3 $2 (41... g3 42. hxg3 hxg3 43. Kxg3 a5) 42. Rg6 $2 {[%mdl 32768] Weighted Error Value: White=0.11 (very precise) /Black=0.20 (precise) . An unexpected result.} (42. c4 Ke7 43. Ke5) 1/2-1/2

[Event "VIII Iberoamericano Mexico 2022"]
[Site "Mexico City"]
[Date "2022.02.14"]
[Round "3.14"]
[White "Ibarra Chami, Luis Fernando"]
[Black "Dominguez Aguilar, Guillermo"]
[Result "1/2-1/2"]
[WhiteElo "2451"]
[BlackElo "2321"]
[Annotator "TA"]
[PlyCount "73"]
[EventDate "2022.02.12"]
[EventType "swiss"]
[EventCountry "MEX"]
[SourceTitle "playchess.com"]
[Source "ChessBase"]
[SourceQuality "1"]

{[%evp 23,73,76,105,31,40,39,38,49,149,134,131,130,141,139,151,161,158,132,129,140,156,91,89,83,77,27,148,138,155,141,183,56,71,-126,-61,-101,-79,-304,-301,-344,-335,-362,-358,-654,-553,-631,-610,-628,-622,-628,-592,-505]} 1. e4 c5 2. Nf3 d6 3. d4 cxd4 4. Nxd4 Nf6 5. Nc3 g6 6. Be3 Bg7 7. f3 Nc6 8. Qd2 O-O 9. O-O-O Bd7 10. h4 h5 11. Kb1 Rc8 12. Be2 Ne5 13. Bg5 {[#] B76: Sicilian Dragon: Yugoslav Attack, 9 g4 and 9 0-0-0.} (13. Rdg1 $16) 13... Re8 $146 ({Predecessor:} 13... b5 14. Bh6 Bxh6 15. Qxh6 Rxc3 16. bxc3 Qa5 17. Qd2 Rc8 18. c4 b4 19. Nb3 Qa4 20. Qd4 Qa6 {0-1 (39) Thesing,M (2396)-Gerber,R (2368) Lenk 2007}) 14. Bxf6 Bxf6 15. Nd5 {[%cal Og2g4] White is slightly better.} Kg7 (15... Bg7 $14) 16. g4 $1 $16 hxg4 17. h5 Rh8 18. fxg4 {And now g5 would win.} e6 19. Nxf6 {White is more active.} Qxf6 20. g5 Qe7 21. Nf3 Rxh5 22. Rxh5 (22. Qd4 $142 $1 Rxh1 23. Rxh1) 22... Nxf3 {[#]} 23. Bxf3 {[%cal Oh5h7] Threatening mate with Rh7+! The board is on fire.} gxh5 24. Bxh5 (24. e5 $1 $16 {[%cal Re5d6]} d5 25. Rh1) 24... Rc5 (24... e5 $11) 25. Rf1 ({Stronger than} 25. Qxd6 Qxd6 26. Rxd6 Bc6 $17) 25... Be8 26. Rf6 Qc7 (26... a5 $16 27. Qf4 Qc7) 27. Be2 ({Not} 27. b4 Rc4 $15) (27. a3 $1 $18) 27... Re5 {[#]} 28. Qf4 $2 {[#]} (28. Rf1 $1 $16 {stays on course. aiming for Qf4.} Qd8 29. Qe3) 28... Qc5 ({Black should try} 28... Qa5 $1 $17 {[%cal Ra5e1] ...Qe1+ is the strong threat.} 29. Qc1 (29. Qh4 $2 Rxe4 30. Qh6+ Kg8 $19) 29... Rxe4) 29. g6 {[%cal Rg6f7]} fxg6 {[%cal Bf7g6,Bg6g5][%mdl 32]} 30. b3 $2 {White does not recover from this.} (30. Rf8 $17 Qg1+ 31. Bf1) 30... Qg1+ $19 31. Bf1 g5 32. Qf3 Bh5 33. Qxh5 (33. Qf2 Qxf2 34. Rxf2) 33... Kxf6 {Black is clearly winning.} 34. Qh6+ Ke7 35. Qg7+ Kd8 36. Qf8+ Kc7 {Threatens to win with ...a6.} 37. Qe7+ {[%mdl 32768] Weighted Error Value: White=0.64/Black=0.24 (precise) . An unexpected result.} 1/2-1/2